书目信息 |
| 书名: | Improving Interpersonal Competence:A Laboratory Approach | |
| 作者: | Susan E.Kogler Hill. | |
| 分册号: | ||
| 分册名: | 出版地: | Kerper Boulevard P.O. : |
|
| 出版社: | Kendall/Hunnt Publishing CO | |
| 出版时间: | 1982. | |
| 页数: | 180 p. ; | |
| 开本: | 29cm. | |
| 丛书名: | ||
| 中图分类号: | ||
| 科图分类号: | ||
| 其他分类号: | C912.1 | |
| 主题词: | ||
| 电子资源: | ||
| 000 | 00452nam 2200145 a 4500 | |
| 001 | E0133450898 | |
| 005 | 2001112409173017 | |
| 008 | 011124s1982 00010 eng | |
| 020 | @a0-8403-2657-2@bsoft | |
| 040 | @aPFT@beng | |
| 090 | @aC912.1 | |
| 099 | @dC912.1@eK75 | |
| 245 | @aImproving Interpersonal Competence:A Laboratory Approach / @cSusan E.Kogler Hill. | |
| 260 | @aKerper Boulevard P.O. :@bKendall/Hunnt Publishing CO.,@c1982. | |
| 300 | @a180 p. ;@c29cm. | |
| Improving Interpersonal Competence:A Laboratory Approach / / Susan E.Kogler Hill.-Kerper Boulevard P.O. : : Kendall/Hunnt Publishing CO., , 1982. |
| 180 p. ; ; 29cm. |
| ISBN 0-8403-2657-2soft |
| ● |
| 相关链接 |
|
|
|
正题名:Improving Interpersonal Competence:A Lab
索取号:C912.1/K75
 
预约/预借
| 序号 | 登录号 | 条形码 | 馆藏地/架位号 | 状态 | 备注 |
| 1 | 0237 | 300002379 | 社科库509/509社科库 130排2列3层/ [索取号:C912.1/K75] | 在馆 | |
| 2 | 06 | 300000068 | 社科库509/509社科库 130排2列3层/ [索取号:C912.1/K75] | 在馆 |